| 000 | 01035nam a2200253 i 4500 | ||
|---|---|---|---|
| 001 | 106468 | ||
| 003 | ES-MaACL | ||
| 005 | 20250812062525.0 | ||
| 007 | t| | ||
| 008 | 221106s1961 sp ||||1| spa d | ||
| 080 | _a123.1 | ||
| 100 | 1 |
_aMillán Puelles, Antonio, _d1921-2005 _981155 |
|
| 245 | 1 | 3 |
_aLa síntesis humana de naturaleza y libertad / _cAntonio Millán Puelles. |
| 260 |
_aMadrid : _bAteneo, _c1961. |
||
| 300 |
_a42 p. ; _c19 cm. |
||
| 490 | 1 |
_aColección "O crece o muere" ; _v160 |
|
| 500 | _aEste trabajo fue dado a conocer por su autor en la conferencia pronunciada el día 21 de agosto de 1959 en el "Curso de Problemas Contemporáneos" organizado por el Ateneo de Madrid en la Universidad Internacional "Menéndez Pelayo" en Santander -- Verso portada. | ||
| 650 | 1 | 4 |
_aLibertad. _914400 |
| 710 | 2 |
_aAteneo de Madrid. _91875 |
|
| 710 | 2 |
_aUniversidad Internacional Menéndez Pelayo. _97384 |
|
| 830 | 0 | 0 |
_aColección "O crece o muere" _v160 _9183476 |
| 852 |
_aES-MaACL _j2208-F-6 |
||
| 999 |
_c106468 _d106468 |
||